00423nam a22001337a 45000050016000000200023000160350013000390370013000522450117000652600041001823000024002237000023002477000019002702012042102282.0 a8170996317c295.00 aA-812953 aDPLbENG aCommunities of north-east India :bAn anthropological perspective /cedited by Farida Ahmed Das and Indira Barua aNew DelhibMittal Publicationsc1996 axvi, 228p.c20 cms. aDas, Farida Ahmed  aBarua, Indira